| Tag |
First Indicator |
Second Indicator |
Subfields |
| LEADER |
00000cam a22000001i 4500 |
| 001 |
in00003927521 |
| 006 |
m d f |
| 007 |
cr bn mmmapmmp |
| 008 |
341002s1934 dcu o f000 0 eng d |
| 005 |
20250210231621.7 |
| 035 |
|
|
|a ebd1933020446
|
| 040 |
|
|
|a UMI
|c UMI
|e rda
|d UtOrBLW
|
| 086 |
0 |
|
|a FR 1.14:934/36
|
| 099 |
|
|
|a FR1.14..934_36
|
| 110 |
2 |
|
|a Board of Governors of the Federal Reserve System (U.S.)
|0 http://id.loc.gov/authorities/names/n78091283
|
| 245 |
1 |
0 |
|a Bank Debits, Sept. 1, 1934.
|
| 264 |
|
1 |
|a [Washington] :
|b [s.n.],
|c 1934.
|
| 300 |
|
|
|a 1 online resource (3 pages), digital, PDF file
|
| 336 |
|
|
|a text
|b txt
|2 rdacontent
|
| 337 |
|
|
|a computer
|b c
|2 rdamedia
|
| 338 |
|
|
|a online resource
|b cr
|2 rdacarrier
|
| 533 |
|
|
|a Electronic reproduction.
|b [Bethesda, Md.] :
|c ProQuest,
|d 2016
|e digital, PDF file.
|n ProQuest U.S. Executive Branch Documents
|n Mode of access: World Wide Web via ProQuest website.
|
| 588 |
|
|
|a Record is based on online resource; title from PDF title page (ProQuest, last viewed July 2016). Reuse except for individual research requires license from ProQuest, LLC.
|
| 650 |
|
0 |
|a Banks and banking.
|0 http://id.loc.gov/authorities/subjects/sh85011609
|
| 650 |
|
0 |
|a Debits (Accounting)
|0 http://id.loc.gov/authorities/subjects/sh94003375
|
| 650 |
|
0 |
|a Federal Reserve banks.
|0 http://id.loc.gov/authorities/subjects/sh85047618
|
| 856 |
4 |
0 |
|u http://proxy.library.tamu.edu/login?url=http://congressional.proquest.com/congressional/docview/t66.d71.fr1.14..934_36?
|y Electronic resource (PDF)
|t 0
|
| 999 |
f |
f |
|s 94056818-19a7-3bf9-9f39-47d1dd3b5436
|i da497271-3e05-36ab-90d1-ee05ffcc3610
|t 0
|
| 952 |
f |
f |
|a Texas A&M University
|b College Station
|c Electronic Resources
|d Available Online
|t 0
|h No information provided
|
| 998 |
f |
f |
|t 0
|l Available Online
|